00450nam a2200145Ia 4500003000500000005001700005008004100022020001800063050002700081100002500108245008300133260003600216300003200252650002000284SISC20190115105551.0190115s9999 xx 000 0 und d a9781473604407 aPC 2129.E5b.C554 2017 aChristensen, Mary C. cMary C. Christensen, Julie CraccoaFrench tutor:bgrammar vocabulary workbook/ aUK:bJohn Murray Learningc2017 axviii, 269 pages :c240 cm. aFrench language